000 00519nam a2200193Ia 4500
008 100315s9999 xx 000 0 und d
040 _cENGLISH 
082 _b2062 
100 _a"Patel, Chunawala "
245 _aIntegrating Materials Management
260 _bTata McGrawhill  
_c1986 
300 _a610 
365 _eRupees 
_d
_b45.00 
366 _f
505 _gJaya Nikhade 
630 _aIntegrating Materials Management
730 _aIntegrating Materials Management
942 _cBOOK
999 _c476797
_d476794